[Event "GER-chT U14"]
[Site "Lingen"]
[Date "2011.12.28"]
[Round "4.1"]
[White "Roehlich, Philipp"]
[Black "Lindner, Ferdinand"]
[Result "1-0"]
[WhiteElo "1734"]
[BlackElo "1628"]
[PlyCount "71"]
[EventDate "2011.12.27"]
[EventType "team-swiss"]
[EventRounds "7"]
[EventCountry "GER"]
[SourceTitle "EXT 2022"]
[Source "ChessBase"]
[SourceDate "2021.10.06"]
[SourceVersion "1"]
[SourceVersionDate "2021.10.06"]
[SourceQuality "1"]
[WhiteTeam "Trier SG U14"]
[BlackTeam "Erfurt Medizin U14"]
[WhiteTeamCountry "GER"]
[BlackTeamCountry "GER"]

1. e4 c5 2. Nf3 Nc6 3. Bb5 g6 4. 0-0 Bg7 5. Bxc6 bxc6 6. d3 Nf6 7. Nc3 0-0 8. Be3 d6 9. h3 Rb8 10. Rb1 Bd7 11. Nd2 Kh8 12. f4 e6 13. Qf3 Qe7 14. Nb3 Rfc8 15. e5 Nd5 16. exd6 Qxd6 17. Bxc5 Qc7 18. Ne4 Bf8 19. Bd4+ Bg7 20. Be5 Bxe5 21. fxe5 Rf8 22. d4 Kg8 23. Nbc5 Rbd8 24. c4 Nb6 25. Nd6 Bc8 26. Nce4 a6 27. Qf4 Kg7 28. Rf3 Bb7 29. Rbf1 Rd7 30. Rg3 Rb8 31. Nc5 Re7 32. Qf6+ Kg8 33. Rf4 Nc8 34. Nxe6 Rxe6 35. Rxg6+ fxg6 36. Qf8# 1-0

[Event "GER-chT U12"]
[Site "Arendsee"]
[Date "2009.12.27"]
[Round "1.2"]
[White "Lindner, Ferdinand"]
[Black "Birnkraut, Tim"]
[Result "1-0"]
[WhiteElo "1413"]
[BlackElo "1673"]
[PlyCount "73"]
[EventDate "2009.12.27"]
[EventType "team-swiss"]
[EventRounds "7"]
[EventCountry "GER"]
[SourceTitle "EXT 2022"]
[Source "ChessBase"]
[SourceDate "2021.10.06"]
[SourceVersion "1"]
[SourceVersionDate "2021.10.06"]
[SourceQuality "1"]
[WhiteTeam "Erfurt Medizin U12"]
[BlackTeam "Brackel SF U12"]
[WhiteTeamCountry "GER"]
[BlackTeamCountry "GER"]

1. e4 e5 2. Nf3 Nc6 3. Bc4 Bc5 4. c3 Nf6 5. d4 exd4 6. cxd4 Bb4+ 7. Nc3 Nxe4 8. 0-0 Bxc3 9. d5 Ne5 10. Nxe5 Bxe5 11. Re1 d6 12. f4 f5 13. fxe5 dxe5 14. Qh5+ g6 15. Qh6 Qf6 16. Bd3 Bd7 17. Bxe4 fxe4 18. Rf1 Bf5 19. g4 Qf8 20. gxf5 Qxh6 21. Bxh6 Rg8 22. Kh1 0-0-0 23. f6 Kd7 24. f7 Rgf8 25. Bxf8 Rxf8 26. Rae1 Kd6 27. Rxe4 Kxd5 28. Rh4 h5 29. Rh3 e4 30. Kg2 Kd4 31. Rf4 g5 32. Rf1 h4 33. Rc3 c5 34. Rd1+ Ke5 35. Rxc5+ Ke6 36. Rc7 e3 37. Re1 1-0